| 000 | 01163namaa2200325 i 4500 | ||
|---|---|---|---|
| 003 | EG-GICUC | ||
| 005 | 20260523120010.0 | ||
| 008 | 260523s2004 ua |||jr|||| 000 f ara d | ||
| 017 |
_a2002 / 9029 _bدار الكتب والوثائق القومية (مصر) |
||
| 040 |
_aEG-GiCUC _bara _cEG-GiCUC _dEG-GiCUC _erda |
||
| 082 | 0 | 4 |
_221 _a896 _bN975 |
| 092 | 0 | 4 |
_221 _a896 _bN975 |
| 099 | _a896 N975 | ||
| 100 | 1 | _eمؤلف. | |
| 245 |
_aنصوص قصصية من روائع الأدب الإفريقى/ _cترجمة سمير عبد ربه. |
||
| 250 | _aالطبعة الاولى | ||
| 264 |
_aالقاهرة (مصر) : _bالمجلس الأعلى للثقافة، _c2004. |
||
| 300 |
_a211 صفحة _b؛ _c20 سم |
||
| 336 |
_2rdacontent _atext |
||
| 337 |
_2rdamedia _aUnmediated |
||
| 338 |
_2rdacarrier _avolume |
||
| 490 |
_aالمشروع القومى للترجمة ؛ _v491 |
||
| 504 | _a. | ||
| 541 |
_aوزارة الثقافة ؛ _bالقاهرة ؛ _cإهداء ؛ _d2023. |
||
| 650 | 1 | 7 |
_aالادب الافريقى _2qrmak |
| 651 | 1 | _2qrmak | |
| 700 | 1 |
_aعبد ربه، سمير _eمترجم. |
|
| 905 | _aAya | ||
| 942 |
_2ddc _cBK _e21 _n0 |
||
| 999 |
_c180280 _d180280 |
||